| 000 | 00537nam a2200181Ia 4500 | ||
|---|---|---|---|
| 008 | 090124s9999 xx 000 0 und d | ||
| 082 | _b108418 | ||
| 100 | _aकरमळकर भा.स. | ||
| 245 | _a सुलभ फोटोग्राफी | ||
| 250 | _a1 | ||
| 260 | _c1961 | ||
| 300 | _a111 | ||
| 600 | _aकरमळकर भा.स. | ||
| 630 | _a सुलभ फोटोग्राफी | ||
| 700 | _aकरमळकर भा.स. | ||
| 730 | _a सुलभ फोटोग्राफी | ||
| 942 | _cBOOK | ||
| 999 |
_c154509 _d154509 |
||